000 00983cab a2200313 4500
001 ABS55976
008 090401t1996 xxu||||| |||| 00| 0 eng d
035 _a(Sirsi) u20223
041 _aeng
100 _aMartin, I.
245 _aBioremediation: principles, application and cost
260 _c1996
350 _a0
490 _aJournal of Property Development
_v1(1) June 1996, 35-45(11)
520 _aIntroduces the principles behind a number of biotreatment techniques for contaminated soils such as landfarming, bioventing and biopiles and their cost and limitations. Refs.
650 _aBIOLOGICAL TREATMENTS
650 _aBIOPILES
650 _aBIOREMEDIATION
650 _aCONTAMINATED LAND
650 _aENVIRONMENT ACT 1990
650 _aLANDFARMING
650 _aREMEDIATION
650 _aSOIL FLUSHING
650 _aWINDROW TURNING
690 _aENVIRONMENTAL AND LAND CONSULTANCY
700 _aBardos, P.
942 _n0
948 _c04/03/1997
999 _c13553
_d13553